Producción comercial de hortalizas en invernadero
Gespeichert in:
| 1. Verfasser: | |
|---|---|
| Format: | Buch |
| Sprache: | Spanisch |
| Veröffentlicht: |
Zaragoza
Acribia
1967
|
| Schlagworte: | |
| Tags: |
Tag hinzufügen
Keine Tags, Fügen Sie den ersten Tag hinzu!
|
MARC
| LEADER | 00000nam a2200000 a 4500 | ||
|---|---|---|---|
| 001 | UCR2972 | ||
| 003 | CL-VaPUC | ||
| 008 | 980123e19670000SP |||||||||||||||||spa|d | ||
| 082 | 0 | 4 | |a 634.6 |b TOO |2 21 |
| 100 | 0 | |a Toovey, F. W |e author |9 401558 | |
| 245 | 1 | 0 | |a Producción comercial de hortalizas en invernadero |
| 300 | |a 158 p | ||
| 942 | |c BK | ||
| 945 | |d 19980123 00:00:00 |a jquezada | ||
| 260 | |a Zaragoza |b Acribia |c 1967 | ||
| 650 | 0 | |a Hortalizas |9 259501 | |
| 650 | 7 | |a JUDIAS |2 CL-VaPUC |9 401559 | |
| 650 | 7 | |a PEPINO |2 CL-VaPUC |9 401560 | |
| 650 | 7 | |a LECHUGA |2 CL-VaPUC |9 362147 | |
| 650 | 7 | |a MELON |2 CL-VaPUC |9 401561 | |
| 650 | 7 | |a MENTA |2 CL-VaPUC |9 401562 | |
| 650 | 7 | |a MOSTAZA |2 CL-VaPUC |9 401563 | |
| 650 | 0 | |a Control de plagas |9 327373 | |
| 650 | 0 | |a Enfermedades de las plantas |9 259687 | |
| 650 | 0 | |a Patología vegetal |9 325426 | |
| 650 | 0 | |a Fitopatología |9 340456 | |
| 583 | |a last modification |c 19980123 00:00:00 |k Rodrigo Vera | ||
| 999 | |c 266092 |d 266090 | ||